Quantitative Financial Analysis of Small and Medium Food Enterprises in a Developing Country
Finančné analýzy malých a stredných podnikov v rozvojových krajinách pomocou kvantitatívnych metód. Výkonnosť malých a stredných podnikov potravín v rozvojových krajinách. Strategické koncepcie riadenia.
Salvato in:
| Autore principale: | |
|---|---|
| Altri autori: | , , |
| Natura: | Capitolo di libro |
| Lingua: | inglese |
| Soggetti: | |
| Tags: |
Nessun Tag, puoi essere il primo ad aggiungerne!!
|
MARC
| LEADER | 00000nla a2200000 4500 | ||
|---|---|---|---|
| 001 | 0200432 | ||
| 005 | 20240701093356.3 | ||
| 041 | 0 | |a eng | |
| 044 | |a LT | ||
| 245 | 1 | 0 | |a Quantitative Financial Analysis of Small and Medium Food Enterprises in a Developing Country |c Ladislav Mura, Ján Buleca, Zuzana Hajduová, Marek Andrejkovič |
| 520 | |a Finančné analýzy malých a stredných podnikov v rozvojových krajinách pomocou kvantitatívnych metód. Výkonnosť malých a stredných podnikov potravín v rozvojových krajinách. Strategické koncepcie riadenia. | ||
| 610 | 2 | 0 | |a podnik malý |
| 610 | 2 | 0 | |a podnik stredný |
| 610 | 2 | 0 | |a priemysel potravinársky |
| 610 | 2 | 0 | |a analýza finančná |
| 610 | 2 | 0 | |a metódy kvantitatívne |
| 610 | 2 | 0 | |a krajiny rozvojové |
| 610 | 2 | 0 | |a Srí Lanka |
| 100 | 1 | |a Mura, Ladislav | |
| 700 | 1 | |a Buleca, Ján | |
| 700 | 1 | |a Hajduová, Zuzana, 1974- | |
| 700 | 1 | |a Andrejkovič, Marek | |